000
00262nam a2200109Ia 4500
008
201231s9999 xx 000 0 und d
100
_a
Lewis, J. H.
245
0
_a
Life Saving Appliance Manual
260
_a
London
_b
Stanford Maritime
300
_a
76
942
_c
BK
999
_c
10113
_d
10113